000 00810nam a2200301 a 4500
003 AR-BaBNM
005 20251128205640.0
008 082120s2002 ||||||||||||||000 | spa||
040 _cAR-BaBNM
100 1 _aOrsi, René
245 0 0 _aSan Martín y Artigas
260 _aLa Plata
_bEdiciones Theoria
_bSubsecretaría de Cultura
_c1991
300 _a230 p.
490 0 _aPensamiento nacional
500 _aApéndice documental p. 191-204
504 _aBibliografía p. 225-227
650 4 _aHISTORIA SOCIAL
650 4 _aHISTORIA POLITICA
650 4 _aNACIONALISMO CULTURAL
650 4 _aIDENTIDAD NACIONAL
650 4 _aESTEREOTIPO NACIONAL
650 4 _aIDEOLOGIAS
650 4 _aPATRIOTISMO
650 4 _aFILOSOFIA
650 4 _aCIENCIAS POLITICAS
942 _cBK
998 _cMariana
999 _c12228
_d12228